000 00434nam a2200181Ia 4500
001 2242
005 20260306143827.0
008 260306t2015||||xx |||||||||||||| ||spa||
041 _aESP
082 _a616.8
_bL46
100 _aLeón Carrión, José
_eAUT
245 0 _aFundamentos de neuropsicología humana
260 _c2015
300 _a321 páginas :
_c23 cm.
650 _aGEN
654 _aCPS
942 _cLIB
_dJUS
_fJUS
_2ddc
_n
999 _c2242
_d2242